Namur - Choix Multiples - Statistiques

Statistiques générales
  • Ce quiz a été pris 144 fois
  • Le résultat moyen est 6 sur 10
Statistiques - réponses
Question Réponse % Correct
Au confluent de quelle rivière avec la Meuse se situe la ville de Namur ? La Sambre
86%
De quoi Namur est-elle la capitale ? La Wallonie
82%
Quel célèbre acteur belge est né à Namur le 22 septembre 1964 ? Benoît Poelvoorde
68%
Que désignent les Mélans et les Avresses ? Les compagnies d'Échasseurs
68%
Quel festival du film a lieu chaque année à Namur ? Le Festival international du film francophone
65%
Que représente l'oeuvre "Searching for Utopia" qui surplombe la ville depuis la Citadelle ? Une tortue
64%
Quel est l'animal emblématique de la ville de Namur ? L'escargot
57%
Quel autre nom porte le beffroi de Namur ? La tour Saint-Jacques
40%
Laquelle de ces affirmations sur la ville de Namur est vraie ? Elle est deux fois millénaire
37%
De quelle décoration militaire française est décorée la ville de Namur ? La Croix de guerre 1914-1918
37%
Aucun quiz correspondant
Distribution des résultats
% des personnes avec chaque résultat
Percentile par nombre de réponses
Votre historique - résultats
Vous n’avez pas pris ce quiz